| 000 | 00372nam a2200145Ia 4500 | ||
|---|---|---|---|
| 008 | 210716s1995 xx 000 0 und d | ||
| 020 | _a8187105135 | ||
| 041 | _aeng | ||
| 082 | _a621.399 ELLS | ||
| 100 | _aElliott, Steven D; Miller, Phillip L. | ||
| 245 | _aInside 3D studio. release 4. | ||
| 250 | _a1 | ||
| 260 |
_aNew Delhi _bTechmedia _c1995 |
||
| 300 | _axxix,1220 | ||
| 999 |
_c184168 _d184168 |
||